|
|
|
|
| LEADER |
00696nam a2200205 i 4500 |
| 001 |
misc76128 |
| 005 |
20260318153857.0 |
| 008 |
260313s1937 hu o 000 hun d |
| 040 |
|
|
|a SZTE Miscellanea Repozitórium
|b hun
|
| 041 |
|
|
|a hun
|
| 100 |
1 |
|
|a Borsi Tivadar
|
| 245 |
1 |
0 |
|a Olasz nyelvtan olvasmányokkal és társalgási gyakorlatokkal
|h [elektronikus dokumentum] /
|c Borsi Tivadar
|
| 260 |
|
|
|a Borsi Tivadar
|b Szeged
|c 1937
|
| 300 |
|
|
|a 24
|c 16 cm
|
| 650 |
|
4 |
|a Társadalomtudományok
|
| 650 |
|
4 |
|a Oktatástudomány
|
| 650 |
|
4 |
|a Bölcsészettudományok
|
| 650 |
|
4 |
|a Nyelvek és irodalom
|
| 695 |
|
|
|a Olasz nyelvtan
|
| 856 |
4 |
0 |
|u http://misc.bibl.u-szeged.hu/76128/1/XA_148867.pdf
|z Dokumentum-elérés
|